| 000 | 00374cam a2200157ua 4500 | ||
|---|---|---|---|
| 041 |
_ahin _h |
||
| 082 |
_a891.54 _bBAC/OM |
||
| 100 | _aBachan, . | ||
| 245 |
_aOmar Khayyam Ki rubaiyat / _cBachan. _hTextual Documents |
||
| 250 |
_a1 / _b. |
||
| 260 |
_a : _bHind Pocket Books Pvt Ltd , _c1956. |
||
| 300 | _a104 ; . | ||
| 504 | _a | ||
| 942 | _cBK | ||
| 999 |
_c3728 _d3728 |
||